书目信息 |
| 题名: |
古海荒漠
|
|
| 作者: | 许靖华 著 | |
| 分册: | ||
| 出版信息: | 北京 生活·读书·新知三联书店 1996.10 |
|
| 页数: | 215页 | |
| 开本: | 32开 | |
| 丛书名: | ||
| 单 册: | ||
| 中图分类: | P737.27 | |
| 科图分类: | ||
| 主题词: | 海洋学--基础理论 | |
| 电子资源: | ||
| ISBN: | 7-108-00860-2 | |
| 000 | 00543nam0 2200193 45 | |
| 001 | 0010111736 | |
| 005 | 20010414085757.9 | |
| 010 | @a7-108-00860-2@d12.50元 | |
| 100 | @a20001011d1996 km y0chiy0120 ea | |
| 101 | 0 | @achi |
| 105 | @a z 000yy | |
| 200 | 1 | @a古海荒漠@AGu Hai Huang Mo@f许靖华著@FXu Jing Hua Zhu |
| 210 | @a北京@c生活·读书·新知三联书店@d1996.10 | |
| 215 | @a215页@d32开 | |
| 606 | 0 | @a海洋学@x基础理论 |
| 690 | @aP737.27@v3 | |
| 701 | 0 | @a许靖华@4著 |
| 801 | @aCN@bPftUser@c20001011 | |
| 905 | @dP737.27@eX321@b338209-213@f5 | |
| 古海荒漠/许靖华著.-北京:生活·读书·新知三联书店,1996.10 |
| 215页;32开 |
| ISBN 7-108-00860-2:12.50元 |
| ● |
| 相关链接 |
|
|
|
正题名:古海荒漠
索取号:P737.27/X321
 
预约/预借
| 序号 | 登录号 | 条形码 | 馆藏地/架位号 | 状态 | 备注 |
| 1 | 338209 | 203382099 | 社科二线400B/400B社科库 2排4列6层/ [索取号:P737.27/X321] | 在馆 | |
| 2 | 338210 | 203382106 | 社科二线400B/400B社科库 9排4列5层/ [索取号:P737.27/X321] | 在馆 | |
| 3 | 338211 | 203382115 | 社科二线400B/400B社科库 9排4列5层/ [索取号:P737.27/X321] | 在馆 | |
| 4 | 338212 | 203382124 | 社科二线400B/400B社科库 9排4列4层/ [索取号:P737.27/X321] | 在馆 | |
| 5 | 338213 | 203382133 | 社科二线400B/400B社科库 2排4列5层/ [索取号:P737.27/X321] | 在馆 |